000 01879nam2a22002651 4500
001 RU\NLR\INFOCOMM4\1000433435
005 20250617054956.0
035 _a(NLR Aleph) 002499889
090 _a2583423
_c2583423
100 _a20040109d1926 |||y0rusy50 ca
101 0 _arus
102 _aRU
105 _ay |||||||||
200 1 _aВнутри-родовые отношения у северных бурят
_fБ.И. Петри
210 _d1926
_aБ. м.
423 0 _12001#$aОтчет о деятельности Биолого-географического научно-исследовательского института при Государственном Иркутском университете за 1924-25г.
_1210##$d1926
_tОтчет о деятельности Биолого-географического научно-исследовательского института при Государственном Иркутском университете за 1924-25г.
461 0 _1001RU\NLR\INFOCOMM4\1000433428
_12001#$aИзвестия Биолого-географического научно-исследовательского института при Государственном Иркутском университете$vТ.2, Вып.3
_92583362
_aБиолого-географический научно-исследовательский институт (Иркутск)
_cИркутск
_d1924-1971
_tИзвестия Биолого-географического научно-исследовательского института при Государственном Иркутском университете
_vТ.2, Вып.3
700 1 _aПетри
_bБ.И.
_4070
801 1 _aRU
_bInfoComm
_c20040109
801 0 _aRU
_bNLR
_gPSBO
852 _aNLR
_jП19/13
942 _cISSUE
980 _aNB
980 _aRUSPER